| 000 | 00814nam a2200253 a 4500 | ||
|---|---|---|---|
| 008 | 951030s1992||||[C 0 slo c | ||
| 020 |
_a8005010427 _c150 |
||
| 040 |
_aSNK _bslo _cSNK _eAACR2 |
||
| 041 | 1 |
_aslo _hslo |
|
| 044 | _a[CS] | ||
| 080 | _a943.765.7-22 | ||
| 100 | 1 |
_aGašparík, Ján _4aut |
|
| 245 | 1 | 0 |
_aDejiny Žarnovice _cJán Gašparík, Ladislav Osvald ; Ladislav Beňo, Marcela Lattová, Ján Šíma, Bruno Musil |
| 250 | _a1., vyd. | ||
| 260 |
_aBratislava _bAlfa _c1992 _eMartin _fNeografia |
||
| 300 |
_a112 s., 13,65 AH _bTb. _c29 cm |
||
| 500 | _aLit. 25. Nem., angl. a rus. res. 25 zázn. v slov. | ||
| 700 | 1 |
_aOsvald, Ladislav _4aut |
|
| 700 | 1 |
_aBeňo, Ladislav _4aut |
|
| 700 | 1 |
_aLattová, Marcela _4aut |
|
| 700 | 1 |
_aŠíma, Ján _4aut |
|
| 700 | 1 |
_aMusil, Bruno _4bkd |
|
| 958 | _aA | ||
| 999 |
_c19870 _d19870 |
||